| 000 | 00403nam a22001697a 4500 | ||
|---|---|---|---|
| 003 | SGT | ||
| 020 | _a9789390709687 | ||
| 082 |
_a615.19 _bM22A |
||
| 100 | _aALAGARSAMY,V | ||
| 245 | _aTEXT BOOK OF MEDICINAL CHEMISTRY | ||
| 250 | _a4TH | ||
| 260 |
_aNEW DELHI _bCBS PUBLISHER _c2022-24 |
||
| 300 | _a719, 628 | ||
| 650 | _aMEDICINAL CHEMISTRY | ||
| 653 | _aMEDICINAL, CHEMISTRY | ||
| 942 |
_2ddc _cBK _02 |
||
| 999 |
_c26431 _d26431 |
||